000
00251nam a22001097a 4500
082
_a
621.4023 COM'F
100
_a
FISCHER, J
_9
78627
245
_a
COMBUSTION ENGINEERING HANDBOOK
260
_a
LONDON
_b
NEWNES
_c
1961
300
_a
VII,294P
942
_c
BK
999
_c
583741
_d
583741